000 00742nam a2200265 4500
001 5923
003 BD-RjUL
005 20211208234144.0
008 140108s1969 inu b 001 0 eng d
035 _a(BD-RjUL)5962
040 _aDLC
_cDLC
_dDLC
_d(BD-RjUL)
_beng
041 _aeng
082 0 0 _a365
_bEFF
245 1 4 _aThe effectiveness of a prison and parole system /
_cGlaser, Daniel.
250 _aAbridged ed.
260 _aIndianapolis :
_bBobbs-Merrill,
_c[1969]
300 _axii, 345 p. ;
_c21 cm.
350 _a3.75
504 _aBibliographical footnotes.
650 0 _aPrisons
_zUnited States.
_918614
650 0 _aParole
_zUnited States.
_916840
942 _2ddc
_cBK
999 _c5923
_d5923